000 00520nam a2200217Ia 4500
003 OSt
005 20220923224751.0
006 a|||||r|||| 00| 0
007 ta
008 Pun
024 _a249,804
037 _cTextual
040 _aARTS
_cARTS
_bPun
041 _2Pun
_aPun
082 _aO:g, 153M0
100 _aਆਤਮਜੀਤ ਸਿੰਘ
245 0 _aਸਾਹਿਤੱਕੀ
260 _c1980
942 _hO:g, 153M0
_cTEXL
_2CC
999 _c373515
_d373515